Suomen 100 yleisintä tien nimeä - Statistics

Yleistilastot
  • Tätä visaa on pelattu 268 kertaa
  • Keskiarvotulos 27 / 100
Vastaustilastot
Määrä Nimi % Oikein
158 Koivukuja
76%
130 Koivutie
76%
90 Rantakuja
75%
70 Rantapolku
75%
227 Rantatie
75%
150 Kuusitie
74%
78 Mäntykuja
74%
152 Mäntytie
74%
200 Kirkkotie
71%
74 Koulukuja
70%
178 Koulutie
70%
69 Kauppatie
62%
73 Mäkikuja
58%
144 Mäkitie
58%
84 Jokitie
57%
83 Keskustie
54%
137 Peltotie
54%
83 Haapatie
53%
79 Leppätie
49%
82 Metsätie
45%
69 Kivitie
43%
97 Pihlajatie
43%
97 Katajatie
39%
98 Puistotie
39%
101 Kalliotie
38%
148 Välitie
34%
98 Niittytie
33%
96 Asematie
31%
102 Harjutie
31%
95 Honkatie
29%
161 Myllytie
29%
74 Rinnekuja
27%
158 Rinnetie
27%
114 Sepäntie
27%
105 Opintie
26%
94 Pajutie
26%
133 Niementie
25%
161 Teollisuustie
25%
134 Mäkeläntie
24%
101 Rajatie
24%
71 Saarentie
24%
86 Alatie
23%
119 Heikkiläntie
23%
85 Mattilantie
23%
90 Urheilutie
23%
117 Aholantie
22%
97 Anttilantie
22%
90 Mäntyläntie
22%
72 Purotie
22%
111 Jokelantie
21%
105 Kangastie
21%
120 Koivulantie
21%
106 Kuuselantie
21%
127 Pajatie
21%
124 Riihitie
21%
79 Mikkolantie
20%
71 Järveläntie
19%
93 Koskelantie
19%
119 Pappilantie
19%
145 Rantalantie
19%
101 Hakatie
18%
136 Niemeläntie
18%
87 Seppäläntie
18%
77 Koivumäentie
17%
95 Koivistontie
16%
100 Ojalantie
16%
110 Peltolantie
16%
77 Salmelantie
16%
76 Toivolantie
16%
73 Jussilantie
15%
76 Uutelantie
15%
92 Koivuniementie
14%
103 Oikotie
14%
128 Vanhatie
14%
76 Mäntyniementie
13%
93 Hakalantie
12%
81 Kanervatie
12%
74 Koivurannantie
12%
89 Korpelantie
12%
77 Peräläntie
12%
76 Yhdystie
12%
73 Mäntymäentie
11%
82 Harjulantie
10%
79 Kiveläntie
10%
74 Yrittäjäntie
10%
88 Kivimäentie
8%
83 Lehtolantie
8%
77 Korventie
6%
86 Myllymäentie
6%
95 Kiviniementie
5%
99 Harjuntie
4%
79 Haapaniementie
3%
72 Kivirannantie
3%
70 Syrjäläntie
3%
77 Järvenpääntie
2%
102 Rauhalantie
2%
103 Taipaleentie
2%
76 Kotirannantie
1%
88 Metsolantie
1%
91 Rajalantie
1%
Ehtoja vastaavia visoja ei löytynyt
Tulosjakauma
Jokaisen tuloksen saaneiden osuus
Persentiili vastausten määrän mukaan
Tuloshistoriasi
Et ole pelannut tätä visaa